Prachya janapada: Hosa parikalpaneyondara shodhana (Record no. 116812)

MARC details
000 -LEADER
fixed length control field 00838nam a2200265Ia 4500
003 - CONTROL NUMBER IDENTIFIER
control field OSt
005 - DATE AND TIME OF LATEST TRANSACTION
control field 20251106124500.0
008 - FIXED-LENGTH DATA ELEMENTS--GENERAL INFORMATION
fixed length control field 210210b2006 xxu||||| |||| 00| 0 eng d
020 ## - INTERNATIONAL STANDARD BOOK NUMBER
International Standard Book Number 8177131427
040 ## - CATALOGING SOURCE
Transcribing agency AL
041 ## - LANGUAGE CODE
Language code of text/sound track or separate title Kannada
082 ## - DEWEY DECIMAL CLASSIFICATION NUMBER
Classification number 398.32K GOVP
100 ## - MAIN ENTRY--PERSONAL NAME
Personal name GOVINDARAJU (T)
Dates associated with a name ಗೋವಿಂದರಾಜು ಟಿ.
9 (RLIN) 244316
245 ## - TITLE STATEMENT
Title Prachya janapada: Hosa parikalpaneyondara shodhana
Remainder of title ಪ್ರಾಚ್ಯ ಜಾನಪದ - ಹೊಸ ಪರಿಕಲ್ಪನೆಯೊಂದರ ಶೋಧನ
260 ## - PUBLICATION, DISTRIBUTION, ETC.
Place of publication, distribution, etc. Bengaluru
Name of publisher, distributor, etc. Kannada Pustaka Pradikara
Date of publication, distribution, etc. 2006
300 ## - PHYSICAL DESCRIPTION
Extent 103
650 ## - SUBJECT ADDED ENTRY--TOPICAL TERM
Topical term or geographic name entry element shodhana
9 (RLIN) 244317
650 ## - SUBJECT ADDED ENTRY--TOPICAL TERM
Topical term or geographic name entry element Prachya
9 (RLIN) 244318
650 ## - SUBJECT ADDED ENTRY--TOPICAL TERM
Topical term or geographic name entry element parikalpaneyondara
9 (RLIN) 244319
650 ## - SUBJECT ADDED ENTRY--TOPICAL TERM
Topical term or geographic name entry element janapada
9 (RLIN) 244320
650 ## - SUBJECT ADDED ENTRY--TOPICAL TERM
Topical term or geographic name entry element Hosa
9 (RLIN) 244321
690 ## - LOCAL SUBJECT ADDED ENTRY--TOPICAL TERM (OCLC, RLIN)
Topical term or geographic name as entry element Folklore
9 (RLIN) 244322
906 ## - LOCAL DATA ELEMENT F, LDF (RLIN)
a 062127
942 ## - ADDED ENTRY ELEMENTS (KOHA)
Source of classification or shelving scheme Dewey Decimal Classification
Koha item type Book
Holdings
Withdrawn status Lost status Source of classification or shelving scheme Damaged status Not for loan Collection code Home library Current library Shelving location Date acquired Source of acquisition Cost, normal purchase price Total Checkouts Full call number Barcode Date last seen Uniform Resource Identifier Price effective from Koha item type
    Dewey Decimal Classification     Kannada St Aloysius Library St Aloysius Library   02/17/2021 Dr Ti Govindaraju 60.00   398.32K GOVP 062127 02/17/2021 https://kanaja.karnataka.gov.in/ebook/wp-content/uploads/2020/PDF/355.pdf 02/17/2021 Book